NFL Super Bowl Starters: 2022 - Statistics

General Stats
  • This quiz has been taken 41 times
  • The average score is 18 of 44
Answer Stats
Team Position Answer % Correct
Los AngelesRams WR CooperKupp
100%
CincinnatiBengals WR Ja'MarrChase
97%
CincinnatiBengals QB JoeBurrow
94%
Los AngelesRams QB MatthewStafford
94%
CincinnatiBengals WR TeeHiggins
94%
Los AngelesRams RDE AaronDonald
86%
CincinnatiBengals RDE TreyHendrickson
86%
CincinnatiBengals RB JoeMixon
83%
Los AngelesRams CB JalenRamsey
74%
CincinnatiBengals WR TylerBoyd
71%
Los AngelesRams RB CamAkers
66%
Los AngelesRams WR OdellBeckham Jr.
66%
Los AngelesRams LT AndrewWhitworth
57%
CincinnatiBengals FS JessieBates III
57%
Los AngelesRams ROLB VonMiller
51%
Los AngelesRams CB DariousWilliams
43%
CincinnatiBengals LT JonahWilliams
43%
CincinnatiBengals LB LoganWilson
40%
Los AngelesRams LDE A'ShawnRobinson
37%
Los AngelesRams MLB ErnestJones
37%
Los AngelesRams WR VanJefferson
37%
CincinnatiBengals CB EliApple
34%
CincinnatiBengals LDE SamHubbard
34%
CincinnatiBengals SS VonnBell
31%
CincinnatiBengals NT D. J.Reader
29%
CincinnatiBengals NCB MikeHilton
29%
CincinnatiBengals TE C. J.Uzomah
26%
Los AngelesRams LOLB LeonardFloyd
26%
CincinnatiBengals DT B. J.Hill
23%
CincinnatiBengals LB GermainePratt
23%
CincinnatiBengals CB ChidobeAwuzie
20%
Los AngelesRams FS EricWeddle
17%
Los AngelesRams RT RobHavenstein
14%
CincinnatiBengals C TreyHopkins
14%
Los AngelesRams C BrianAllen
11%
Los AngelesRams NT GregGaines
9%
Los AngelesRams CB DavidLong
6%
CincinnatiBengals RG HakeemAdeniji
6%
CincinnatiBengals RT IsaiahPrince
6%
Los AngelesRams TE KendallBlanton
6%
Los AngelesRams SS NickScott
6%
CincinnatiBengals LG QuintonSpain
6%
Los AngelesRams RG AustinCorbett
3%
Los AngelesRams LG DavidEdwards
3%
No matching quizzes found
Score Distribution
Percent of People with Each Score
Percentile by Number Answered
Your Score History
You have not taken this quiz